Tax dispute resolution: Amanual for the tax practitioner (Record no. 6723)

MARC details
005 - DATE AND TIME OF LATEST TRANSACTION
control field 20250715060538.0
020 ## - INTERNATIONAL STANDARD BOOK NUMBER
International Standard Book Number 978-9987-753-30-7
082 ## - DEWEY DECIMAL CLASSIFICATION NUMBER
Classification number 336.2 ONG
100 ## - MAIN ENTRY--PERSONAL NAME
Author name ONGWAMUHANA, K.
245 ## - TITLE STATEMENT
Title Tax dispute resolution: Amanual for the tax practitioner
260 ## - PUBLICATION, DISTRIBUTION, ETC.
Place of publication, distribution, etc. Dar es Salaam,
Name of publisher, distributor, etc. Mkuki na nyota,
Date of publication, distribution, etc. 2015.
300 ## - PHYSICAL DESCRIPTION
Extent xiv. 202p.; figure, table.
Dimensions 23cm.
700 ## - ADDED ENTRY--PERSONAL NAME
Other authors/Editors KILEO, A. & MUKEBEZI, W. & GONDWE, S.
856 ## - ELECTRONIC LOCATION AND ACCESS
Link text Access online book
Electronic name Tax dispute resolution: Amanual for the tax practitioner
Path www.africanbookscollective.com
942 ## - ADDED ENTRY ELEMENTS (KOHA)
Source of classification or shelving scheme Dewey Decimal Classification
Koha item type Books
Holdings
Date last seen Total checkouts Full call number Barcode Cost, replacement price Price effective from Koha item type Lost status Source of classification or shelving scheme Damaged status Not for loan Withdrawn status Home library Current library Shelving location Date acquired Cost, normal purchase price
07/15/2025   336.2 ONG 00000013754 90000.00 07/15/2025 Books   Dewey Decimal Classification       College of Business Education Main Library College of Business Education Main Library General Collection 07/15/2025 30000.00